Leveimmät valtiot lännestä itään - Statistics

Yleistilastot
  • Tätä visaa on pelattu 995 kertaa
  • Keskiarvotulos 16 / 20
Vastaustilastot
Välimatka Valtio % Oikein
10 564 km Venäjä
99%
4 563 km Yhdysvallat
99%
5 823 km Kanada
98%
5 224 km Kiina
98%
4 329 km Brasilia
95%
4 045 km Australia
94%
2 523 km Mongolia
89%
2 887 km Intia
88%
3 008 km Kazakstan
85%
2 110 km Algeria
80%
2 122 km Kongon demokraattinen tasavalta
80%
3 151 km Meksiko
79%
1 911 km Iran
75%
2 176 km Saudi-Arabia
74%
1 610 km Turkki
73%
1 634 km Libya
67%
1 702 km Niger
60%
1 820 km Sudan
57%
1 773 km Mali
53%
1 670 km Marokko
42%
Ehtoja vastaavia visoja ei löytynyt
Tulosjakauma
Jokaisen tuloksen saaneiden osuus
Persentiili vastausten määrän mukaan
Tuloshistoriasi
Et ole pelannut tätä visaa